| 000 | 00357pab a2200157 454500 | ||
|---|---|---|---|
| 008 | 180718b2011 xxu||||| |||| 00| 0 eng d | ||
| 100 | _aKalha, R.S. | ||
| 245 | _aThe politics of oil and the Arab spring | ||
| 260 | _c2011 | ||
| 300 | _ap.195-200. | ||
| 362 | _aApr-Jun | ||
| 650 | _aPetroleum | ||
| 773 | _aUSI Journal | ||
| 908 | _aN | ||
| 909 | _a93352 | ||
| 999 |
_c93352 _d93352 |
||